| 000 | 00326nam a22001217a 4500 | ||
|---|---|---|---|
| 008 | 230620b xxu||||| |||| 00| 0 eng d | ||
| 020 | _a9966941363 | ||
| 082 |
_a323 _bKHRC 2004 |
||
| 245 | _aHuman Rights Education in Kenyan Section | ||
| 260 |
_aKenya _bKenya Human Rights Commision _c2004 |
||
| 300 | _aXV,72p | ||
| 942 |
_2ddc _cBK |
||
| 999 |
_c1767 _d1767 |
||